[Event "IECG CP.2001.Q.00013 email"]
[Site "IECG email"]
[Date "2002.10.01"]
[Round "?"]
[White "Maynard, John"]
[Black "Krueger, Hilmar"]
[Result "1/2-1/2"]
[WhiteElo "2000"]
[BlackElo "2309"]
[PlyCount "56"]
[EventDate "2002.10.01"]
[EventType "tourn (corr)"]
[EventRounds "6"]
[SourceTitle "Corr 2008"]
[Source "ChessBase"]
[SourceDate "2008.06.24"]
[SourceVersion "1"]
[SourceVersionDate "2008.06.24"]
[SourceQuality "1"]

1. e4 c5 2. Nf3 d6 3. d4 cxd4 4. Nxd4 Nf6 5. Nc3 a6 6. Be3 e5 7. Nb3 Be6 8. Qd2 Nbd7 9. f3 Rc8 10. g4 Nb6 11. g5 Nfd7 12. 0-0-0 Qc7 13. Kb1 Be7 14. h4 f5 15. gxf6 Nxf6 16. Bxb6 Qxb6 17. Bh3 Bxh3 18. Rxh3 0-0 19. h5 Qc6 20. a3 b5 21. Rg1 Rf7 22. Rh2 a5 23. Rhg2 Bd8 24. Nd5 Nxd5 25. exd5 Qb7 26. Nxa5 Bxa5 27. Qxa5 Qxd5 28. Qb4 Qc6 1/2-1/2

[Event "IECG CP.2001.P.00078"]
[Site "IECG email"]
[Date "2001.10.01"]
[Round "?"]
[White "Paleologu, Vladimiro"]
[Black "Maynard, John"]
[Result "1/2-1/2"]
[WhiteElo "2129"]
[BlackElo "2000"]
[PlyCount "51"]
[EventDate "2001.10.01"]
[EventType "tourn (corr)"]
[EventRounds "6"]
[SourceTitle "Corr 2008"]
[Source "ChessBase"]
[SourceDate "2008.06.24"]
[SourceVersion "1"]
[SourceVersionDate "2008.06.24"]
[SourceQuality "1"]

1. e4 c5 2. Nf3 Nc6 3. d4 cxd4 4. Nxd4 Nf6 5. Nc3 d6 6. Bg5 e6 7. Qd2 Be7 8. 0-0-0 0-0 9. Nb3 Qb6 10. f3 Rd8 11. Be3 Qc7 12. Qf2 d5 13. exd5 Nxd5 14. Nxd5 Rxd5 15. Rxd5 exd5 16. g4 Be6 17. Nd4 Rc8 18. Kb1 Nxd4 19. Bxd4 Bh4 20. Qe2 Bd7 21. Qd2 Bg5 22. Qf2 Bh4 23. Qd2 Bg5 24. Qf2 Bh4 25. Qd2 Bg5 26. Qf2 1/2-1/2

[Event "IECG CP.2001.P.00078"]
[Site "IECG email"]
[Date "2001.10.01"]
[Round "?"]
[White "Van Bommel, Ton"]
[Black "Maynard, John"]
[Result "0-1"]
[WhiteElo "1661"]
[BlackElo "2000"]
[PlyCount "122"]
[EventDate "2001.10.01"]
[EventType "tourn (corr)"]
[EventRounds "6"]
[SourceTitle "Corr 2008"]
[Source "ChessBase"]
[SourceDate "2008.06.24"]
[SourceVersion "1"]
[SourceVersionDate "2008.06.24"]
[SourceQuality "1"]

1. d4 Nf6 2. c4 e6 3. e4 Nxe4 4. Nc3 Nxc3 5. bxc3 Be7 6. Nf3 c5 7. Bd3 f5 8. 0-0 0-0 9. Re1 b6 10. Rb1 Bb7 11. Qe2 Bf6 12. Bf4 Na6 13. Bd6 Re8 14. Ne5 Be7 15. Bxe7 Qxe7 16. Bc2 Qg5 17. Nf3 Qg4 18. d5 Nc7 19. Qe5 Rac8 20. Nd2 exd5 21. Bxf5 Rxe5 22. Bxg4 Rce8 23. Rxe5 Rxe5 24. h3 Bc6 25. Kh2 Re7 26. Rc1 g6 27. Kg3 dxc4 28. Nxc4 h5 29. Bf3 Bxf3 30. Kxf3 d5 31. Ne3 d4 32. cxd4 Ne6 33. Ke4 Nxd4+ 34. Kd3 Rd7 35. Ke4 Kf7 36. Nd5 Rd8 37. Rc3 Re8+ 38. Kd3 h4 39. Kc4 Nf5 40. Rf3 Re2 41. Ra3 Nd6+ 42. Kd3 Rxf2 43. Rxa7+ Ke6 44. Ke3 Rb2 45. Nf4+ Kf6 46. Ra6 g5 47. Nd3 Rxg2 48. Rxb6 Ke7 49. Rc6 Rg3+ 50. Ke2 c4 51. Nf2 Kd7 52. Rc5 Rg2 53. Re5 c3 54. Kf1 c2 55. Re1 Rg3 56. Rc1 Nf5 57. Ke2 Nd4+ 58. Kd2 Rf3 59. Ne4 Rxh3 60. Nxg5 Ra3 61. Nh7 Ke6 0-1